[Event "POLFINAL MISTRZOSTW POLSKI JUNIOROW 2019 - D17"]
[Site "Ustron"]
[Date "1899-12-30"]
[Round "1.1"]
[White "Pyzio, Amelia"]
[Black "Laszczuk, Zuzanna"]
[Result "1-0"]
[WhiteTitle "I++"]
[BlackTitle "I"]
[WhiteElo "1581"]
[BlackElo "1320"]

1. e4 e5 2. Nf3 Nc6 3. Bc4 Bc5 4. d3 Nf6 5. O-O d6 6. c3 Bg4 7. h3 Bh5 8. Re1 O-O
9. Nbd2 Qd7 10. Bb3 h6 11. Nf1 Ne7 12. Ng3 Ng6 13. Bc2 Rfe8 14. Nxh5 Nxh5 15.
Nxe5 dxe5 16. Qxh5 Kh7 17. d4 Bb6 18. Be3 Rad8 19. Rad1 Qb5 20. Bb3 Rd7 21. Qf5
Ree7 22. g4 Kh8 23. g5 Qc6 24. gxh6 Nh4 25. hxg7+ Kxg7 26. Qg4+ Qg6 27. Re2 Nf3+
28. Kg2 Nh4+ 29. Kf1 Qxg4 30. hxg4 Nf3 31. Ba4 Rd6 32. dxe5 Rxd1+ 33. Bxd1 Rxe5
34. Kg2 Nh4+ 35. Kg3 Ng6 36. Bd4 Bxd4 37. cxd4 Rb5 38. Bb3 Rb4 39. Rd2 Ne7 40.
Kf3 Nc6 41. Ke3 Na5 42. Rd3 b6 43. d5 c5 44. d6 Nc6 45. a3 c4 46. axb4 cxd3 47.
d7 Kf8 48. b5 Nd8 49. Bd5 Ke7 50. Kxd3 Kxd7 51. Kd4 f6 52. f4 Ne6+ 53. Bxe6+ Kxe6
54. e5 1-0

[Event "POLFINAL MISTRZOSTW POLSKI JUNIOROW 2019 - D17"]
[Site "Ustron"]
[Date "1899-12-30"]
[Round "1.2"]
[White "Zygmunt, Patrycja"]
[Black "Giefert, Sara"]
[Result "0-1"]
[WhiteTitle "I"]
[BlackTitle "I"]
[WhiteElo "1261"]
[BlackElo "1579"]

1. e4 e5 2. Nf3 Nc6 3. Bc4 Nf6 4. d3 Bc5 5. Bg5 O-O 6. O-O d6 7. Nc3 Be6 8. Nd5
Bxd5 9. Bxd5 h6 10. Bh4 g5 11. Bg3 Nxd5 12. exd5 Ne7 13. c4 f5 14. h4 g4 15. Nd2
Ng6 16. Nb3 Bb6 17. d4 exd4 18. Nxd4 Qf6 19. Ne6 h5 20. Nxf8 Rxf8 21. Kh1 f4 22.
Bh2 Qxh4 23. g3 Qh3 24. Qc2 Ne5 25. gxf4 Rxf4 26. f3 g3 27. Qg2 Qxg2+ 28. Kxg2
gxh2 29. Kxh2 Rxc4 30. f4 Nd3 31. f5 Rg4 32. Rad1 Ne5 33. Kh3 Kf7 34. b3 Kf6 35.
a4 Nf7 36. Rde1 Ng5+ 37. Kh2 Ne4 38. Kh3 Bd4 39. Kh2 Be5+ 40. Kh3 Ng5# 0-1

[Event "POLFINAL MISTRZOSTW POLSKI JUNIOROW 2019 - D17"]
[Site "Ustron"]
[Date "1899-12-30"]
[Round "1.3"]
[White "Zalucka, Emilia"]
[Black "Zygmunt, Magdalena"]
[Result "1/2-1/2"]
[WhiteTitle "I"]
[BlackTitle "I"]
[WhiteElo "1546"]
[BlackElo "1237"]

1. e4 e5 2. Nf3 Nc6 3. Bb5 Bc5 4. O-O Nge7 5. c3 Bb6 6. d4 exd4 7. cxd4 d5 8. e5
O-O 9. h3 h6 10. Nc3 f5 11. exf6 Rxf6 12. Be3 Nf5 13. Bxc6 Rxc6 14. Ne5 Re6 15.
Qd3 Rf6 16. g4 Nh4 17. f4 h5 18. g5 Rf8 19. Kh2 Qd6 20. Ne2 Bf5 21. Qd1 Bd7 22.
Ng3 g6 23. Nxd7 Qxd7 24. Qd3 Rae8 25. Rae1 Nf5 26. Nxf5 Qxf5 27. Qxf5 Rxf5 28.
Kg3 Re4 29. Bg1 Rf8 30. Rxe4 dxe4 31. Re1 Re8 32. h4 Kf7 33. Kg2 Re7 34. Bf2 Ke8
35. d5 Bxf2 36. Kxf2 Kd7 37. Ke3 Kd6 38. Kd4 e3 39. Re2 Rf7 40. Ke4 Re7+ 41. Kd4
Rf7 42. Ke4 Re7+ 43. Kd4 Rf7 44. Ke4 Re7+ 45. Kd4 1/2-1/2

[Event "POLFINAL MISTRZOSTW POLSKI JUNIOROW 2019 - D17"]
[Site "Ustron"]
[Date "1899-12-30"]
[Round "1.4"]
[White "Majdecka, Nikola"]
[Black "Polak, Sylwia"]
[Result "0-1"]
[WhiteTitle "I"]
[BlackTitle "I+"]
[WhiteElo "1189"]
[BlackElo "1537"]

1. e4 c5 2. Nf3 e6 3. d4 cxd4 4. Nxd4 a6 5. Bd3 Qc7 6. O-O Nf6 7. Kh1 Be7 8. f4
d6 9. Nc3 b5 10. Qf3 Bb7 11. Qg3 b4 12. Nce2 Nxe4 13. Bxe4 Bxe4 14. Qxg7 Rf8 15.
f5 e5 16. f6 exd4 17. fxe7 Qxe7 18. Bh6 Nd7 19. Nxd4 O-O-O 20. Nf3 Rg8 21. Qd4
Nc5 22. Rae1 f5 23. Qd2 Qb7 24. Re3 Rg6 25. Bg5 Rdg8 26. Rf2 Bxf3 27. Rfxf3 Rxg5
28. Qe1 Ne4 29. g3 h5 30. h4 Rxg3 31. Kh2 Rg2+ 32. Kh3 Qd7 0-1

[Event "POLFINAL MISTRZOSTW POLSKI JUNIOROW 2019 - D17"]
[Site "Ustron"]
[Date "1899-12-30"]
[Round "1.5"]
[White "Chomicka, Kinga"]
[Black "Wojtas, Emilia"]
[Result "1/2-1/2"]
[WhiteTitle "I"]
[BlackTitle "II+"]
[WhiteElo "1485"]
[BlackElo "1179"]

1. e4 c5 2. Nc3 e6 3. g3 Nc6 4. Bg2 Nge7 5. d3 g6 6. Be3 Bg7 7. Qd2 b6 8. Nge2
Bb7 9. Bh6 O-O 10. O-O d5 11. Bxg7 Kxg7 12. exd5 exd5 13. d4 cxd4 14. Nxd4 Kg8
15. Rad1 Ne5 16. Qf4 N5c6 17. Nxc6 Bxc6 18. Rd2 Qd7 19. Rfd1 Rad8 20. Ne4 f5 21.
Nc3 Qe6 22. Re2 Qf7 23. Qe5 Rd7 24. Red2 Rfd8 25. Ne2 Qg7 26. Qxg7+ Kxg7 27. Nd4
Rd6 28. Nxc6 Rxc6 29. c3 Rc5 30. f4 Kf6 31. Kf2 a5 32. Bf1 h6 33. a3 g5 34. fxg5+
hxg5 35. Ke3 Ke5 36. Re1 Kf6 37. Bd3 Nc6 38. Bf1 Ne5 39. Red1 Ng4+ 40. Kf3 Ne5+
41. Kf2 Ng4+ 42. Kf3 Ne5+ 43. Kg2 Ng4 44. Re1 Rd6 45. h3 Ne5 46. Red1 Ke6 47.
Kf2 g4 48. hxg4 Nxg4+ 49. Kf3 Ne5+ 50. Kf4 Kf6 51. Rd4 Ng6+ 52. Kf3 Ne5+ 53. Ke3
Ng4+ 54. Kf4 Ne5 55. c4 Ng6+ 56. Kf3 Ne5+ 57. Ke3 Ke6 58. cxd5+ Rcxd5 59. Rxd5
Rxd5 60. Rxd5 Kxd5 61. Kf4 Ke6 62. Ba6 Kf6 63. Bb5 Ng6+ 64. Kf3 Kg5 65. Be2 Ne5+
66. Ke3 Kf6 67. Kd4 Ke6 68. b3 Nc6+ 69. Kc4 Kd6 70. Bf1 Ne5+ 71. Kb5 Kc7 72. Be2
Nf7 73. Bf3 Nd6+ 74. Ka6 Ne4 75. g4 Ng5 76. Be2 fxg4 77. Bxg4 Ne4 78. Kb5 Nd6+
79. Ka4 Ne4 80. b4 axb4 81. axb4 Nd6 82. Bf3 Nc4 83. Kb5 Nd6+ 1/2-1/2

[Event "POLFINAL MISTRZOSTW POLSKI JUNIOROW 2019 - D17"]
[Site "Ustron"]
[Date "1899-12-30"]
[Round "1.6"]
[White "Taranowicz, Zofia"]
[Black "Jedras, Adrianna"]
[Result "1/2-1/2"]
[WhiteTitle "I"]
[BlackTitle "I"]
[WhiteElo "1175"]
[BlackElo "1472"]

1. c4 c5 2. Nc3 Nc6 3. Nf3 e5 4. g3 Nf6 5. d3 Be7 6. Bg2 d6 7. O-O O-O 8. Qc2 Rb8
9. a3 a6 10. Bg5 Ng4 11. Bxe7 Nxe7 12. b4 Qc7 13. b5 b6 14. bxa6 Bxa6 15. Rab1
Bb7 16. Rb2 Nf6 17. Rfb1 Bc6 18. Nb5 Qd7 19. Rb3 Rb7 20. R1b2 Rfb8 21. Qb1 h6
22. Nc3 Qd8 23. a4 Qc7 24. Nb5 Qd7 25. Ne1 Bxg2 26. Nxg2 Nc6 27. Ne3 Na5 28. Ra3
Nc6 29. Rab3 Na5 30. Ra3 Nc6 31. Rab3 1/2-1/2

[Event "POLFINAL MISTRZOSTW POLSKI JUNIOROW 2019 - D17"]
[Site "Ustron"]
[Date "1899-12-30"]
[Round "1.7"]
[White "Drob, Julia"]
[Black "Sloniec, Natalia"]
[Result "0-1"]
[WhiteTitle "I"]
[BlackTitle "II+"]
[WhiteElo "1416"]
[BlackElo "1103"]

1. d4 d5 2. Bf4 Nf6 3. Nf3 c6 4. c3 Bf5 5. e3 e6 6. h3 h6 7. Nbd2 Bd6 8. Qb3 Bxf4
9. Qxb7 Nbd7 10. exf4 c5 11. dxc5 Nxc5 12. Qc6+ Ncd7 13. Ne5 O-O 14. Nxd7 Nxd7
15. Rc1 Nb6 16. Nf3 Rc8 17. Qb5 Nc4 18. b3 Nd6 19. Qa4 Qc7 20. Ba6 Ra8 21. Ne5
Ne4 22. Qc6 Qa5 23. Nd7 Qxa2 24. O-O Rfe8 25. b4 Qd2 26. Qc7 Qa2 27. Bb7 Rad8
28. Ne5 Rf8 29. Ra1 Qd2 30. Rac1 Qxf4 31. Rfe1 Qxf2+ 32. Kh1 Qg3 33. c4 Nf2+ 34.
Kg1 Nxh3+ 35. Kh1 Nf2+ 36. Kg1 Bh3 37. Kf1 Qxg2+ 38. Ke2 Ne4+ 39. Ke3 Qf2+ 0-1

[Event "POLFINAL MISTRZOSTW POLSKI JUNIOROW 2019 - D17"]
[Site "Ustron"]
[Date "1899-12-30"]
[Round "1.8"]
[White "Szwacinska, Wiktoria"]
[Black "Repec, Julia"]
[Result "0-1"]
[WhiteTitle "II"]
[BlackTitle "I"]
[WhiteElo "1006"]
[BlackElo "1373"]

1. e4 e6 2. Nc3 d5 3. exd5 exd5 4. d4 c6 5. h3 Bd6 6. Nf3 Nf6 7. Be2 h6 8. a3 Be6
9. Be3 b5 10. Qd2 Ne4 11. Nxe4 dxe4 12. Nh2 Nd7 13. Bf4 Nf6 14. O-O Bxf4 15. Qxf4
Qxd4 16. c3 Qd8 17. Rfd1 Qb8 18. Qe3 O-O 19. f3 exf3 20. Bxf3 Bd5 21. Rd2 Re8
22. Qf2 Bxf3 23. Qxf3 Qb6+ 24. Kh1 Ne4 25. Re2 Ng3+ 26. Qxg3 Rxe2 27. Qxg7+ Kxg7
28. Re1 Rxe1+ 0-1

[Event "POLFINAL MISTRZOSTW POLSKI JUNIOROW 2019 - D17"]
[Site "Ustron"]
[Date "1899-12-30"]
[Round "2.1"]
[White "Repec, Julia"]
[Black "Pyzio, Amelia"]
[Result "1/2-1/2"]
[WhiteTitle "I"]
[BlackTitle "I++"]
[WhiteElo "1373"]
[BlackElo "1581"]

1. c4 c5 2. g3 g6 3. Bg2 Bg7 4. Nc3 Nc6 5. e3 d6 6. Nge2 Nf6 7. a3 O-O 8. O-O a6
9. d4 cxd4 10. Nxd4 Ne5 11. b3 Rb8 12. Rb1 Bg4 13. f3 Bd7 14. a4 Qc7 15. Ba3 Rfd8
16. Kh1 Be8 17. Nd5 Nxd5 18. cxd5 Rdc8 19. Rc1 Qb6 20. Bb2 Rxc1 21. Bxc1 Rc8 22.
f4 Nd7 23. Bb2 Nc5 24. Ba3 Bd7 25. Bxc5 Rxc5 26. Ne2 Bg4 27. Bf3 Bxf3+ 28. Rxf3
Qb4 29. Qd3 Qe1+ 30. Kg2 Qa1 31. Rf2 Qa3 32. Rf1 Qa2 33. Kf3 Rc2 34. h4 h5 35.
Rc1 Rxc1 36. Nxc1 Qa1 37. Qc2 Qc3 38. Qxc3 Bxc3 39. Ke2 Kf8 40. Na2 Bb2 41. Nb4
Ke8 42. Nd3 Bc3 43. b4 Kd7 44. Kf3 Kc7 45. Ke2 Kd7 46. Kf3 Kc7 47. Ke2 Kb6 48.
Kd1 Bf6 49. Kd2 e6 50. e4 Kc7 51. Ke3 Bc3 1/2-1/2

[Event "POLFINAL MISTRZOSTW POLSKI JUNIOROW 2019 - D17"]
[Site "Ustron"]
[Date "1899-12-30"]
[Round "2.2"]
[White "Giefert, Sara"]
[Black "Sloniec, Natalia"]
[Result "1-0"]
[WhiteTitle "I"]
[BlackTitle "II+"]
[WhiteElo "1579"]
[BlackElo "1103"]

1. e4 e6 2. d4 d5 3. Nd2 c5 4. exd5 exd5 5. dxc5 Bxc5 6. Bd3 Nf6 7. Ngf3 O-O 8.
O-O Nc6 9. Nb3 Bb6 10. Bg5 h6 11. Bh4 Qd6 12. c4 Ne4 13. Bxe4 d4 14. Bg3 Qd8 15.
c5 Bc7 16. Nbxd4 Bxg3 17. hxg3 Nxd4 18. Qxd4 Qa5 19. b4 Qb5 20. a4 Qe8 21. Rfe1
Qd8 22. Qxd8 Rxd8 23. Rad1 Rf8 24. Rd4 a5 25. b5 Rb8 26. Red1 Be6 27. Ne5 Rfc8
28. c6 bxc6 29. Nxc6 Ra8 30. Ne7+ 1-0

[Event "POLFINAL MISTRZOSTW POLSKI JUNIOROW 2019 - D17"]
[Site "Ustron"]
[Date "1899-12-30"]
[Round "2.4"]
[White "Wojtas, Emilia"]
[Black "Zalucka, Emilia"]
[Result "0-1"]
[WhiteTitle "II+"]
[BlackTitle "I"]
[WhiteElo "1179"]
[BlackElo "1546"]

1. e4 e5 2. Nf3 Nc6 3. Bc4 Bc5 4. d3 Nf6 5. c3 d6 6. Bb3 O-O 7. h3 Be6 8. Bc2 h6
9. Nbd2 Bb6 10. Nf1 d5 11. Qe2 dxe4 12. dxe4 Qe7 13. g4 Qc5 14. Be3 Bc4 15. Bxc5
Bxe2 16. Bxf8 Bxf3 17. Rg1 Bxe4 18. Bxg7 Kxg7 19. Bxe4 Nxe4 20. Ne3 Bxe3 21. fxe3
Rd8 22. Rg2 Ng5 23. Rg3 e4 24. Rd1 Nf3+ 25. Ke2 Rxd1 26. Kxd1 Nce5 27. b4 b5 28.
Rg2 Nc4 29. Ke2 Kf6 30. Rf2 Ke6 31. Rf1 Nb6 32. Rc1 Ne5 33. Kf1 Nec4 34. Kf2 Nd5
35. Re1 Nxc3 36. Ra1 Nd5 0-1

[Event "POLFINAL MISTRZOSTW POLSKI JUNIOROW 2019 - D17"]
[Site "Ustron"]
[Date "1899-12-30"]
[Round "2.5"]
[White "Jedras, Adrianna"]
[Black "Chomicka, Kinga"]
[Result "1/2-1/2"]
[WhiteTitle "I"]
[BlackTitle "I"]
[WhiteElo "1472"]
[BlackElo "1485"]

1. e4 e5 2. Nf3 Nc6 3. d4 exd4 4. Bc4 Nf6 5. O-O Be7 6. Nxd4 Ne5 7. Bb3 d6 8. f4
Ng6 9. Nc3 O-O 10. h3 a6 11. f5 Ne5 12. Nf3 c5 13. Nxe5 dxe5 14. Qxd8 Rxd8 15.
Nd5 Nxd5 16. Bxd5 Rb8 17. b3 Kf8 18. c4 b5 19. Be3 Bb7 20. Rab1 Ke8 21. Kf2 f6
22. g4 h6 23. Kf3 Rd7 24. Rfd1 Rbd8 25. Rd2 Bxd5 26. Rxd5 Rxd5 27. exd5 b4 28.
Ke4 Kd7 29. Bc1 Ra8 30. Ra1 Kc7 31. Bb2 1/2-1/2

[Event "POLFINAL MISTRZOSTW POLSKI JUNIOROW 2019 - D17"]
[Site "Ustron"]
[Date "1899-12-30"]
[Round "2.6"]
[White "Zygmunt, Magdalena"]
[Black "Taranowicz, Zofia"]
[Result "0-1"]
[WhiteTitle "I"]
[BlackTitle "I"]
[WhiteElo "1237"]
[BlackElo "1175"]

1. e4 c6 2. d4 d5 3. exd5 cxd5 4. Nc3 Nf6 5. h3 Bf5 6. Nf3 e6 7. a3 a6 8. Bd3 Bxd3
9. Qxd3 Bd6 10. Bg5 Nbd7 11. O-O O-O 12. Rfe1 Qc7 13. Bxf6 Nxf6 14. Ne5 Rac8 15.
Rac1 b5 16. Re3 Qb6 17. Ne2 Rc7 18. c3 Rfc8 19. Rg3 a5 20. Qe3 Ne4 21. Rf3 f6
22. Nd3 Ng5 23. Rxf6 gxf6 24. h4 Nf7 25. Qxe6 Bh2+ 0-1

[Event "POLFINAL MISTRZOSTW POLSKI JUNIOROW 2019 - D17"]
[Site "Ustron"]
[Date "1899-12-30"]
[Round "2.7"]
[White "Zygmunt, Patrycja"]
[Black "Drob, Julia"]
[Result "0-1"]
[WhiteTitle "I"]
[BlackTitle "I"]
[WhiteElo "1261"]
[BlackElo "1416"]

1. e4 c5 2. c3 g6 3. d4 cxd4 4. cxd4 d5 5. e5 Nc6 6. f4 Nh6 7. Bb5 Bg7 8. Nf3 Bg4
9. Bxc6+ bxc6 10. h3 Bxf3 11. Qxf3 Nf5 12. Qc3 Qb6 13. a4 O-O 14. a5 Qxd4 15.
Qxd4 Nxd4 16. Ra4 Ne6 17. O-O Nc5 18. Ra3 Rfb8 19. Be3 Ne4 20. Nc3 Ng3 21. Rb1
Bf8 22. Kh2 Nf5 23. Bc5 e6 24. Bxf8 Kxf8 25. Na4 Rb4 26. g4 Nd4 27. Nc5 Ke7 28.
Na6 Rb7 29. Nc5 Rb5 30. Na6 Rc8 31. b4 c5 32. Rc3 c4 33. Rb2 Rc6 34. Nc5 Rcxc5
35. Rd2 Rxb4 36. Rxd4 Rxa5 37. Rd2 Rb3 0-1

[Event "POLFINAL MISTRZOSTW POLSKI JUNIOROW 2019 - D17"]
[Site "Ustron"]
[Date "1899-12-30"]
[Round "2.8"]
[White "Laszczuk, Zuzanna"]
[Black "Majdecka, Nikola"]
[Result "1-0"]
[WhiteTitle "I"]
[BlackTitle "I"]
[WhiteElo "1320"]
[BlackElo "1189"]

1. e4 e5 2. Nc3 Nf6 3. g3 Nc6 4. Bg2 Bc5 5. d3 d6 6. Nge2 Be6 7. O-O Qd7 8. Na4
Bh3 9. Nxc5 dxc5 10. Be3 Bxg2 11. Kxg2 Nd4 12. c3 Nxe2 13. Qxe2 b6 14. f3 h5 15.
Rad1 h4 16. g4 Qb5 17. Qc2 O-O-O 18. d4 exd4 19. cxd4 cxd4 20. Bxd4 Rde8 21. a4
Qa6 22. b4 Kb8 23. Rc1 Rc8 24. Be5 Ne8 25. a5 Qb5 26. axb6 Qxe5 27. bxa7+ Kxa7
28. Qa4+ Kb7 29. Qc6+ Kb8 30. Ra1 h3+ 31. Kh1 Qb2 32. Ra8# 1-0

[Event "POLFINAL MISTRZOSTW POLSKI JUNIOROW 2019 - D17"]
[Site "Ustron"]
[Date "1899-12-30"]
[Round "3.1"]
[White "Polak, Sylwia"]
[Black "Giefert, Sara"]
[Result "1/2-1/2"]
[WhiteTitle "I+"]
[BlackTitle "I"]
[WhiteElo "1537"]
[BlackElo "1579"]

1. d4 Nf6 2. c4 d6 3. Nc3 e5 4. d5 Nbd7 5. e4 Be7 6. Nf3 O-O 7. Be2 Nc5 8. Qc2
a5 9. O-O Ne8 10. Be3 b6 11. a3 f5 12. b4 Nxe4 13. Nxe4 fxe4 14. Nd2 Nf6 15. c5
bxc5 16. bxc5 dxc5 17. Nxe4 Kh8 18. Nxf6 Rxf6 19. Qe4 Bb7 20. Rfd1 Rd6 21. Bf3
Rg6 22. Rab1 Qc8 23. Qxe5 Bd6 24. Qh5 Rf6 25. Bg5 Rxf3 26. Qxf3 Ba6 27. Qc3 Qf5
28. Be3 Qh5 29. h3 c4 30. Bd4 Qf7 31. Rb2 Re8 32. Qxa5 Qf4 33. g3 Qf3 34. Qa4
Rf8 35. Qc2 Bc8 36. Qe2 Qxa3 37. Ra2 Qb3 38. Kh2 Qb5 39. Qb2 Qd7 40. Kg1 Qf7 41.
Kg2 Bxh3+ 42. Kxh3 Qh5+ 43. Kg2 Qf3+ 44. Kh2 Qh5+ 45. Kg2 Qf3+ 1/2-1/2

[Event "POLFINAL MISTRZOSTW POLSKI JUNIOROW 2019 - D17"]
[Site "Ustron"]
[Date "1899-12-30"]
[Round "3.2"]
[White "Pyzio, Amelia"]
[Black "Taranowicz, Zofia"]
[Result "1-0"]
[WhiteTitle "I++"]
[BlackTitle "I"]
[WhiteElo "1581"]
[BlackElo "1175"]

1. e4 c6 2. d4 d5 3. exd5 cxd5 4. c4 Nf6 5. Nc3 Bf5 6. Nf3 e6 7. Be2 a6 8. O-O
dxc4 9. Bxc4 Bd6 10. Be3 O-O 11. h3 Nc6 12. Rc1 Rc8 13. Bb3 Nb4 14. Qd2 Ne4 15.
Nxe4 Bxe4 16. Ng5 Bd5 17. Bxd5 Nxd5 18. Rxc8 Qxc8 19. Rc1 Qd7 20. Qc2 g6 21. Ne4
Kg7 22. Bg5 h6 23. Bd2 Bf4 24. Bxf4 Nxf4 25. Qd2 Nd5 26. Rc5 Rc8 27. a3 Rc6 28.
Qc1 Qc7 29. b4 Nf6 30. Nxf6 Kxf6 31. Qxh6 Rxc5 32. dxc5 Qd7 33. Qc1 Ke7 34. Qc2
Kd8 35. a4 Kc7 36. g3 Kc8 37. h4 Kc7 38. Qb3 Qd2 39. Kg2 Qd7 40. b5 axb5 41. axb5
Qe7 42. Qa3 Qd7 43. Qa5+ Kb8 44. b6 Qc6+ 45. Kh2 Kc8 46. Qc3 Kd7 47. Qe5 Ke7 48.
Qc7+ Qxc7 49. bxc7 Kd7 50. g4 Kxc7 51. h5 gxh5 52. gxh5 Kc6 53. h6 Kxc5 54. h7
b5 55. h8=Q b4 56. Qf8+ Kc4 57. Qxf7 Kd5 58. Qb7+ Kc4 59. f4 b3 60. Qe4+ 1-0

[Event "POLFINAL MISTRZOSTW POLSKI JUNIOROW 2019 - D17"]
[Site "Ustron"]
[Date "1899-12-30"]
[Round "3.3"]
[White "Zalucka, Emilia"]
[Black "Repec, Julia"]
[Result "1-0"]
[WhiteTitle "I"]
[BlackTitle "I"]
[WhiteElo "1546"]
[BlackElo "1373"]

1. e4 e6 2. d4 d5 3. e5 c5 4. c3 Qb6 5. Bd3 Nc6 6. Ne2 Bd7 7. Bc2 cxd4 8. cxd4
Nge7 9. Nbc3 Nb4 10. Bb1 Bb5 11. O-O Ng6 12. Nxb5 Qxb5 13. a3 Nc6 14. Kh1 Be7
15. f4 f5 16. exf6 Bxf6 17. Nc3 Qb6 18. f5 exf5 19. Nxd5 Qd8 20. Nxf6+ Qxf6 21.
d5 Rd8 22. Qe1+ Nce7 23. Rxf5 Qh4 24. g3 Qc4 25. Bg5 Rf8 26. Rf3 Qc5 27. Bxg6+
hxg6 28. Bxe7 Qxe7 29. Re3 Rf1+ 30. Qxf1 Qxe3 31. Re1 1-0

[Event "POLFINAL MISTRZOSTW POLSKI JUNIOROW 2019 - D17"]
[Site "Ustron"]
[Date "1899-12-30"]
[Round "3.4"]
[White "Chomicka, Kinga"]
[Black "Laszczuk, Zuzanna"]
[Result "1-0"]
[WhiteTitle "I"]
[BlackTitle "I"]
[WhiteElo "1485"]
[BlackElo "1320"]

1. e4 e5 2. Nf3 Nc6 3. Bc4 Bc5 4. c3 Nf6 5. d3 d6 6. Bb3 Bd7 7. Nbd2 O-O 8. O-O
Bb6 9. h3 Ne7 10. Re1 Ng6 11. Nf1 Nh5 12. Bg5 Qc8 13. Nxe5 Nhf4 14. Nxg6 Nxg6
15. Qf3 h6 16. Bd2 Qd8 17. d4 Nh4 18. Qg3 Qf6 19. Ne3 c5 20. Nd5 Qd8 21. Bxh6
Ng6 22. Nxb6 axb6 23. Qxg6 1-0

[Event "POLFINAL MISTRZOSTW POLSKI JUNIOROW 2019 - D17"]
[Site "Ustron"]
[Date "1899-12-30"]
[Round "3.6"]
[White "Drob, Julia"]
[Black "Szwacinska, Wiktoria"]
[Result "1-0"]
[WhiteTitle "I"]
[BlackTitle "II"]
[WhiteElo "1416"]
[BlackElo "1006"]

1. d4 d5 2. Bf4 Nf6 3. Nf3 Nc6 4. e3 a6 5. Nbd2 Bf5 6. Ne5 Nxe5 7. dxe5 Ne4 8.
Nf3 Nc5 9. c3 h6 10. Nd4 Bg6 11. Be2 e6 12. O-O Be7 13. h3 Bg5 14. Bh2 O-O 15.
f4 Bh4 16. g3 Be7 17. Bg4 Ne4 18. Bh5 Bxh5 19. Qxh5 f6 20. Nxe6 1-0

[Event "POLFINAL MISTRZOSTW POLSKI JUNIOROW 2019 - D17"]
[Site "Ustron"]
[Date "1899-12-30"]
[Round "3.7"]
[White "Sloniec, Natalia"]
[Black "Zygmunt, Magdalena"]
[Result "1/2-1/2"]
[WhiteTitle "II+"]
[BlackTitle "I"]
[WhiteElo "1103"]
[BlackElo "1237"]

1. e4 e5 2. Nf3 Nc6 3. Bc4 Bc5 4. c3 Nf6 5. d3 h6 6. Be3 Bb6 7. Nbd2 O-O 8. h3
d6 9. Nf1 Ne7 10. Ng3 Ng6 11. O-O Be6 12. Bb3 d5 13. exd5 Bxd5 14. Bxd5 Qxd5 15.
d4 exd4 16. Bxd4 Bxd4 17. Nxd4 Nh4 18. f3 Qg5 19. Qe1 Nh5 20. Kh2 Rfe8 21. Qf2
Nxg3 22. Qxg3 Qxg3+ 23. Kxg3 c5 24. Nb3 Nf5+ 25. Kf2 b6 26. Rfe1 Kf8 27. g4 Nd6
28. Rad1 Nc4 29. Rb1 Rxe1 30. Kxe1 Re8+ 31. Kf2 Rd8 32. Ke2 Rd5 33. f4 a5 34.
a4 h5 35. f5 hxg4 36. hxg4 Ke7 37. Kf3 Nd2+ 38. Nxd2 Rxd2 39. Ke3 Rh2 40. Kf4
Re2 1/2-1/2

[Event "POLFINAL MISTRZOSTW POLSKI JUNIOROW 2019 - D17"]
[Site "Ustron"]
[Date "1899-12-30"]
[Round "3.8"]
[White "Majdecka, Nikola"]
[Black "Wojtas, Emilia"]
[Result "1/2-1/2"]
[WhiteTitle "I"]
[BlackTitle "II+"]
[WhiteElo "1189"]
[BlackElo "1179"]

1. e4 c5 2. Nf3 e6 3. Nc3 a6 4. d3 Qc7 5. Be3 Nf6 6. h3 Nc6 7. Be2 Be7 8. Qd2 d5
9. exd5 exd5 10. d4 c4 11. a3 h6 12. O-O Be6 13. Rfe1 b5 14. Bf4 Qc8 15. Ne5 b4
16. axb4 Bxb4 17. Nxc6 Qxc6 18. Qe3 Qd7 19. Be5 Kd8 20. Rec1 a5 21. Na4 Qc6 22.
Nc5 Bxc5 23. dxc5 Ne4 24. Rd1 Nxc5 25. Bxc4 Nd7 26. Ba2 f6 27. Bg3 g5 28. Rd4
Re8 29. Qf3 f5 30. Bxd5 Bxd5 31. Rxd5 f4 32. Rad1 Ra7 33. Rxd7+ Rxd7 34. Qxc6
Rxd1+ 35. Kh2 Ree1 36. Bxf4 gxf4 37. Qf6+ Kd7 38. Qxf4 Re6 39. Qa4+ Rc6 40. Qxa5
Rdd6 41. b4 Rxc2 42. Qa4+ Rcc6 43. b5 Rb6 44. f4 Ke7 45. f5 Kf6 46. g4 Rd2+ 47.
Kg3 Rd3+ 48. Kf4 Rbd6 49. Ke4 Rxh3 50. Qa1+ Kf7 51. b6 Rb3 52. Qa7+ Kf6 53. b7
Rb4+ 54. Ke3 Rb3+ 55. Kf4 Rdb6 56. b8=R Rxb8 57. Qd4+ Kf7 58. Qd7+ Kf8 59. Qd6+
Ke8 60. f6 R8b7 61. Qe6+ Kf8 62. Kf5 R3b6 63. Qc8+ Kf7 64. Qc4+ Kf8 1/2-1/2

[Event "POLFINAL MISTRZOSTW POLSKI JUNIOROW 2019 - D17"]
[Site "Ustron"]
[Date "1899-12-30"]
[Round "4.1"]
[White "Pyzio, Amelia"]
[Black "Polak, Sylwia"]
[Result "0-1"]
[WhiteTitle "I++"]
[BlackTitle "I+"]
[WhiteElo "1581"]
[BlackElo "1537"]

1. e4 c5 2. Nf3 e6 3. d4 cxd4 4. Nxd4 a6 5. Bd3 Qc7 6. O-O Nf6 7. Kh1 b5 8. Be3
Bb7 9. Nd2 d5 10. Qf3 Bd6 11. h3 Nbd7 12. Bg5 O-O 13. Rfe1 Rac8 14. Rad1 Be5 15.
c3 Nc5 16. Bxf6 Nxd3 17. Bxe5 Nxe5 18. Qg3 Nc4 19. Qxc7 Rxc7 20. Nxc4 Rxc4 21.
exd5 Bxd5 22. Kg1 Rc7 23. a3 Rb8 24. Rd2 Kf8 25. Nc2 a5 26. Re3 Bb3 27. Nd4 Bd5
28. Nc2 Bb3 29. Kf1 b4 30. axb4 Bxc2 31. Rxc2 axb4 32. c4 Rbc8 33. b3 Rd8 34.
Ra2 Ke7 35. Ra4 Rb7 36. Ke2 f6 37. g3 g5 38. f4 gxf4 39. gxf4 Rd4 40. Kf3 Rd1
41. Ra5 Rd6 42. Ra8 Rdd7 43. Rc8 Rdc7 44. Rh8 Kd6 45. Re8 Re7 46. Rd3+ Kc6 47.
Rf8 Rf7 48. Re8 Rfe7 49. Rf8 Rf7 50. Ra8 Ra7 51. Rc8+ Rac7 52. Rh8 Ra7 53. h4
Rg7 54. Re8 Rae7 55. Rc8+ Rc7 56. Rb8 Rb7 57. Rc8+ Rbc7 58. Rf8 Rcf7 59. Re8 Re7
60. Rf8 Ref7 61. Rfd8 Re7 62. R8d6+ Kc7 63. Ra6 e5 64. fxe5 fxe5 65. Ke4 Rg4+
66. Kd5 Rd7+ 67. Kc5 Rxd3 68. Ra7+ Kd8 0-1

[Event "POLFINAL MISTRZOSTW POLSKI JUNIOROW 2019 - D17"]
[Site "Ustron"]
[Date "1899-12-30"]
[Round "4.2"]
[White "Giefert, Sara"]
[Black "Zalucka, Emilia"]
[Result "1-0"]
[WhiteTitle "I"]
[BlackTitle "I"]
[WhiteElo "1579"]
[BlackElo "1546"]

1. e4 e5 2. Nf3 Nc6 3. Bc4 Bc5 4. c3 Nf6 5. d3 d6 6. Qe2 h6 7. Nbd2 Qe7 8. h3 a6
9. Bb3 Nh5 10. Nf1 Nf4 11. Bxf4 exf4 12. d4 Ba7 13. g3 g5 14. O-O-O Bd7 15. Qd2
O-O-O 16. Re1 fxg3 17. Nxg3 Qf6 18. Re3 Na5 19. e5 Nxb3+ 20. axb3 Qg6 21. exd6
cxd6 22. h4 g4 23. Ne1 f5 24. Nd3 Qf7 25. Nf4 Qxb3 26. c4 Qa4 27. Ra3 Qc6 28.
Nd5 Kb8 29. b3 Be6 30. Nf4 d5 31. c5 Bd7 32. Kb2 Rhe8 33. Nd3 Qf6 34. Qf4+ Kc8
35. Nb4 Bxc5 36. Rc1 Bc6 37. Rxc5 Re4 38. Qxf5+ Qxf5 39. Nxf5 Re2+ 40. Rc2 Rxc2+
41. Nxc2 Rf8 42. Nce3 Bd7 43. Ne7+ Kd8 44. N7xd5 Rxf2+ 45. Kc3 Rf3 46. Ra1 g3
47. Rg1 Bc6 48. Kc4 Bb5+ 49. Kc5 Bd7 50. Kd6 Bc6 51. b4 Bd7 52. Ke5 Bh3 53. Ke4
Rf7 54. Rxg3 Bf5+ 55. Nxf5 1-0

[Event "POLFINAL MISTRZOSTW POLSKI JUNIOROW 2019 - D17"]
[Site "Ustron"]
[Date "1899-12-30"]
[Round "4.3"]
[White "Jedras, Adrianna"]
[Black "Drob, Julia"]
[Result "0-1"]
[WhiteTitle "I"]
[BlackTitle "I"]
[WhiteElo "1472"]
[BlackElo "1416"]

1. c4 c5 2. Nc3 d6 3. g3 g6 4. Bg2 Bg7 5. Nf3 Nc6 6. O-O e6 7. d3 Nge7 8. Rb1 O-O
9. e4 Nd4 10. Nxd4 Bxd4 11. Bh6 Re8 12. Qf3 Nc6 13. h4 Ne5 14. Qd1 Nc6 15. Bg5
Bf6 16. Bxf6 Qxf6 17. Qf3 Qe5 18. Ne2 Rb8 19. Qf4 Qxf4 20. Nxf4 Nd4 21. Rfe1 e5
22. Ne2 Nc2 23. Red1 Nb4 24. a3 Nc6 25. Kh2 Rf8 26. Rf1 a6 27. b3 b5 28. Kg1 Bg4
29. f3 Bd7 30. Kh2 Be6 31. Bh3 Rb7 32. Bxe6 fxe6 33. a4 bxa4 34. bxa4 Rxb1 35.
Rxb1 Rxf3 36. Nc1 Nb4 37. Rb3 Rf1 38. Rc3 Kf7 39. Kg2 Rd1 40. Kf2 Rxc1 0-1

[Event "POLFINAL MISTRZOSTW POLSKI JUNIOROW 2019 - D17"]
[Site "Ustron"]
[Date "1899-12-30"]
[Round "4.4"]
[White "Repec, Julia"]
[Black "Chomicka, Kinga"]
[Result "1/2-1/2"]
[WhiteTitle "I"]
[BlackTitle "I"]
[WhiteElo "1373"]
[BlackElo "1485"]

1. c4 e5 2. g3 Nc6 3. Bg2 g6 4. Nc3 Bg7 5. a3 a5 6. e3 Nge7 7. Nge2 O-O 8. O-O
d6 9. d4 exd4 10. exd4 Bf5 11. Be3 Qc8 12. Qd2 Bh3 13. Bh6 Bxg2 14. Kxg2 Nf5 15.
Bxg7 Kxg7 16. Nd5 Nce7 17. Nxe7 Nxe7 18. d5 Nf5 19. Nd4 Re8 20. Qc3 Kg8 21. Rfe1
Nxd4 22. Qxd4 Qf5 23. Qc3 b6 24. Rxe8+ Rxe8 25. Re1 Rxe1 26. Qxe1 Kf8 27. Qc3
f6 28. Qd4 Kf7 29. Qe3 g5 30. h3 h5 31. Qe2 1/2-1/2